000 00438cam a22001571 4500
082 _a621.6
_bHIL
_cL-23, P-23
100 1 _aHicks, Tyler Gregory,
_941874
245 1 0 _aPump selection and application.
250 _a1st ed.
260 _aNew York,
_bMcGraw-Hill,
_c1957.
300 _a422 p.
_billus.
_c24 cm.
526 _a0
_b0
_c0
_d621_600000000000000_HIL
650 0 _aMCE
_9379
650 0 _aPumping machinery.
_93452
942 _2ddc
_cBK
999 _c545891
_d545891